• 首页
  • 本馆介绍
  • 公告通知
  • 最新文献
  • 馆藏检索
  • 电子资源
  • 读者导购
  • 参考咨询
  • 我的图书馆
  • 登录
  • 详细信息显示
  • 放入我的书架
  • 预约/预借图书
  • 作者相关作品
  • 分类相关作品
  • 丛书相关作品
  • 出版社相关作品

书目信息

  • 表格格式
  • 工作单格式
  • 卡片格式
题名:
法国文学史
    
 
作者: 柳鸣九 著
分册: 上册  
出版信息: 北京   人民文学出版社  1979.1
页数: 460页
开本: 20cm
丛书名:
单 册:
中图分类: I565.09
科图分类:
主题词: 文学史--法国 , 文学思想史--法国
电子资源:
ISBN:
000 00544nam0 2200205 45
001 0181019835
005 20060804104735.12
010    @dCNY1.10
091    @a10019.2715
100    @a20810111d km y0chiy0120 ea
101 0  @achi
200 1  @a法国文学史@Afa guo wen xue shi@h上册@f柳鸣九等著@FLiu Ming Jiu DengZhu
210    @a北京@c人民文学出版社@d1979.1
215    @a460页@d20cm
606 0  @a文学史@x法国
606 0  @a文学思想史@x法国
690    @aI565.09@v3
701  0 @a柳鸣九@4著
801    @aCN@bTSTC@c20060804
905    @dI565.09@e68:1
    
    法国文学史.上册/柳鸣九等著.-北京:人民文学出版社,1979.1
    460页;20cm
    
    
    ISBN :CNY1.10
    
●
相关链接 在E读中查询图书 在五车中查询图书 在当当中查询图书 在豆瓣中查询图书


正题名:法国文学史     索取号:I565.09/68:1         预约/预借

序号 登录号 条形码 馆藏地/架位号 状态 备注
1 0015340   001923146   密集书库/ [索取号:I565.09/68:1] 在馆    
2 0090976   001968936   第二借阅区/ [索取号:I565.09/68:1] 在馆    
3 0090977   001811864   密集书库/ [索取号:I565.09/68:1] 在馆    
4 0090978   202117583   第一样本阅览室/ [索取号:I565.09/68:1] 在馆    
5 0449373   204493734   密集书库/ [索取号:I565.09/68:1] 在馆    
唐山师范学院图书馆 欢迎您!
大连网信软件有限公司© 版权所有